|
|
|
|
| LEADER |
01208nam a2200265 a 4500 |
| 001 |
GR-MES346 |
| 008 |
991111s1969 gr 000 b eng d |
| 020 |
|
|
|a 050017381
|
| 040 |
|
|
|a GrPaTEI
|b gre
|c GR-PaULI
|
| 245 |
0 |
0 |
|a Theory of fish population dynamics as the biological background for rational exploitation and management of fishery resources.
|
| 260 |
|
|
|a India :
|b Bishen singh mahendra pal singh,
|c 1969
|
| 300 |
|
|
|a xvi, 322σελ. :
|b πιν.
|
| 504 |
|
|
|a Βιβλιογραφία: σελ.283-311
|
| 650 |
|
4 |
|a Αλιεία
|
| 650 |
|
4 |
|a ΔΙΑΧΕΙΡΗΣΗ
|
| 650 |
|
4 |
|a Μάνατζμεντ
|
| 650 |
|
4 |
|a Ψάρια
|
| 700 |
1 |
|
|a Jones, R.
|
| 700 |
1 |
|
|a Νikolskii, George
|
| 710 |
0 |
|
|a Bishen singh mahendra pal singh
|
| 942 |
|
|
|2 ddc
|
| 952 |
|
|
|0 0
|1 0
|2 ddc
|4 0
|6 597_000000000000000_NIK
|7 0
|9 263554
|a MSLG
|b MSLG
|c BSC
|d 2021-01-17
|e 24
|f 0
|g 0.00
|l 0
|o 597 NIK
|p 2420000003784
|r 2021-01-17 00:00:00
|t 1
|w 2021-01-17
|y BK15
|x 19991111 0 1
|x GrPaTEI
|
| 952 |
|
|
|0 0
|1 0
|2 ddc
|4 0
|6 597_000000000000000_NIK
|7 0
|9 263555
|a MSLG
|b MSLG
|c BSC
|d 2021-01-17
|e 24
|f 0
|g 0.00
|l 0
|o 597 NIK
|p 2420000013985
|r 2021-01-17 00:00:00
|t 1
|w 2021-01-17
|y BK15
|x 19991111 0 1
|x GrPaTEI
|
| 971 |
|
|
|a .b25713875
|b 15-04-20
|c 13-09-16
|
| 999 |
|
|
|c 151729
|d 151729
|